[Event "Oberfranken-ch Q 0809"]
[Site "Schney"]
[Date "2009.01.02"]
[Round "1"]
[White "Hermann, Alexej"]
[Black "Schott, Stephan"]
[Result "0-1"]
[WhiteElo "1481"]
[BlackElo "1737"]
[PlyCount "54"]
[EventDate "2009.01.02"]
[EventType "swiss"]
[EventRounds "6"]
[EventCountry "GER"]
[SourceTitle "EXT 2015"]
[Source "ChessBase"]
[SourceDate "2014.11.20"]
[SourceVersion "1"]
[SourceVersionDate "2014.11.20"]
[SourceQuality "1"]

1. e4 c5 2. Nf3 d6 3. Nc3 Nc6 4. Bb5 a6 5. Bxc6+ bxc6 6. d4 cxd4 7. Qxd4 e5 8. Qd3 Nf6 9. Bg5 h6 10. Bxf6 Qxf6 11. h3 Be7 12. Ne2 0-0 13. Ng3 g6 14. Qe3 Kg7 15. h4 Re8 16. h5 g5 17. Qb6 Be6 18. Qxc6 Rec8 19. Qb7 Rab8 20. Qxa6 Rxc2 21. b3 d5 22. exd5 e4 23. 0-0 exf3 24. dxe6 fxg2 25. Kxg2 fxe6 26. Qd3 Rbc8 27. Rac1 Rxc1 0-1